| 000 | 00727nas a2200241 4500 | ||
|---|---|---|---|
| 001 | BR8100344 | ||
| 003 | BR-BrBNA | ||
| 005 | 20231205084502.0 | ||
| 007 | ta | ||
| 008 | 230509b bl.|||p| |||| 00| 00por d | ||
| 040 |
_aBR-BrBNA _bpor _cBiblioteca Nacional de Agricultura |
||
| 041 | _a(Pt) | ||
| 072 | _aF25 | ||
| 100 | 1 | _aPons, A.L. | |
| 245 | 1 | _aImportancia da materia organica no solo [Adubo] | |
| 246 | 1 | _a[The importance of organic in soil [Manure]] | |
| 650 | _aFertilidade do solo | ||
| 650 | _aMateria organica | ||
| 650 | _aMicroelemento | ||
| 773 | 0 |
_tIPAGRO Informa (Brazil) _xISSN 0100-3410 _g(Aug 1980), (no. 23) p. 96-109 _wBR8100344 |
|
| 909 |
_a202311 _bLúcia _c55 _dLúcia Elande |
||
| 942 |
_2AGRIS _n0 _cANA |
||
| 999 |
_c105523 _d105523 |
||